[Event "Ch State New York"]
[Site "masterchessopen.com New York (USA)"]
[Round "0"]
[White "Golyak Isay G (USA)"]
[Black "Adamec Carl (USA)"]
[Result "1-0"]
[WhiteElo "2229"]
[BlackElo "2043"]

1.e4 c5 2.Nf3 g6 3.d4 cxd4 4.Nxd4 Bg7 5.c4 Nc6 6.Nc2 d6 7.Nc3 Nh6 8.Be2 f5
9.O-O O-O 10.Rb1 Be6 11.Ne3 Rc8 12.Ned5 Qd7 13.Be3 fxe4 14.Nxe4 Nf5 15.Bd2
Nfd4 16.Bc3 Nxe2+ 17.Qxe2 Ne5 18.Bxe5 Bxe5 19.Rbd1 Kh8 20.b3 Bf5 21.Ng3 Bg4
22.f3 Be6 23.Rfe1 b5 24.f4 Bg4 25.Qe4 Bg7 26.Qxe7 Qc6 27.Rc1 bxc4 28.bxc4 Qc5+
29.Kh1 Qf2 30.Qh4 {#r} 1-0

[Event "Ch Norway (team)"]
[Site "masterchessopen.com Norway"]
[Round "4"]
[White "Jansson Joran (NOR)"]
[Black "Myrvold Torben (NOR)"]
[Result "1-0"]
[WhiteElo "2261"]
[BlackElo "2257"]

1.e4 c5 2.Nf3 Nc6 3.d4 cxd4 4.Nxd4 g6 5.c4 Bg7 6.Nc2 d6 7.Be2 Nh6 8.g4 Qd7
9.Rg1 e6 10.Nc3 f5 11.Nb5 O-O 12.exf5 exf5 13.Bxh6 Bxh6 14.Nxd6 fxg4 15.Rxg4
Qe7 16.Nxc8 Raxc8 17.Qd5+ Kh8 18.Qg2 Rce8 19.f3 Ne5 20.Re4 Nxf3+ 21.Bxf3 Qh4+
22.Ke2 Rxe4+ 23.Bxe4 Re8 24.Kd3 Rd8+ 25.Kc3 {#r} 1-0

[Event "It (open) \"]
[Site "masterchessopen.com Schwabisch Gmund (Germany)"]
[Round "1"]
[White "Gabriel Josef (GER)"]
[Black "Krebs Armin"]
[Result "1-0"]
[WhiteElo "2130"]
[BlackElo "1865"]

1.Nf3 c5 2.c4 Nc6 3.d4 cxd4 4.Nxd4 g6 5.e4 Bg7 6.Nc2 d6 7.Be2 Nf6 8.Nc3 O-O
9.O-O b6 10.Re1 Bb7 11.b3 a6 12.Rb1 Qc7 13.Bb2 e6 14.f4 Ne7 15.Bf3 Rfd8 16.Qe2
Nd7 17.Kh1 b5 18.Ne3 b4 19.Ncd1 Nc5 20.Nf2 d5 21.Bxg7 Kxg7 22.exd5 exd5
23.cxd5 Nxd5 24.Nxd5 Bxd5 25.Qb2+ f6 26.Ng4 Qf7 27.Qd4 Bxf3 28.Qxc5 Rac8
29.Qxb4 Qd5 30.Qe7+ {#r} 1-0

[Event "It (open)"]
[Site "masterchessopen.com Cordoba (Spain)"]
[Round "7"]
[White "Franco Ocampos Zenon (PAR)"]
[Black "Adla Diego (ARG)"]
[Result "1-0"]
[WhiteElo "2495"]
[BlackElo "2415"]

1.c4 c5 2.Nf3 g6 3.e4 Bg7 4.d4 cxd4 5.Nxd4 Nc6 6.Nc2 Nf6 7.Nc3 O-O 8.Be2 d6
9.O-O Nd7 10.Bd2 Nc5 11.b4 Bxc3 12.Bxc3 Nxe4 13.Bb2 Be6 14.Bf3 Nf6 15.Qe2 Qc7
16.Rac1 a5 17.b5 Ne5 18.Ne3 Nxf3+ 19.Qxf3 Nd7 20.h4 f6 21.h5 gxh5 22.Nd5 Bxd5
23.Qxd5+ Kh8 24.Rfe1 Nc5 25.Rcd1 Rad8 26.b6 Qd7 27.Bd4 e6 28.Qxh5 Qe7 29.Re3
e5 30.Bc3 Rg8 31.Bxa5 Rg5 32.Qf3 Rdg8 33.g3 f5 34.Bb4 Ne4 35.Rxe4 fxe4 36.Qxe4
R8g6 37.Qd3 e4 38.Qd4+ Kg8 39.Bxd6 {#r} 1-0

[Event "It (open)"]
[Site "masterchessopen.com Karvina (Czech Republic)"]
[Round "0"]
[White "Kaposztas Miklos (HUN)"]
[Black "Miton Kamil (POL)"]
[Result "1-0"]
[WhiteElo "2260"]
[BlackElo "2628"]

1.c4 c5 2.Nf3 Nc6 3.d4 cxd4 4.Nxd4 g6 5.e4 Bg7 6.Nc2 Nf6 7.Nc3 O-O 8.Be2 d6
9.O-O b6 10.Be3 Bb7 11.Qd2 Rc8 12.b3 Re8 13.Rac1 Qd7 14.f3 Red8 15.Rfd1 Ne8
16.Qe1 Nc7 17.f4 e5 18.Qg3 Qe7 19.f5 Nd4 20.Nxd4 exd4 21.Bxd4 Bh6 22.Ra1 Ne8
23.Rf1 Bd2 24.Bg4 {#r} 1-0

[Event "Olympiad"]
[Site "masterchessopen.com Moscow (Russia)"]
[Round "6"]
[White "D'Amore Carlo (ITA)"]
[Black "Vorontsov Nickolay (KAZ)"]
[Result "1-0"]
[WhiteElo "2420"]
[BlackElo "2390"]

1.e4 c5 2.Nf3 g6 3.d4 cxd4 4.Nxd4 Bg7 5.c4 Nc6 6.Nc2 Qb6 7.Nc3 Bxc3+ 8.bxc3
Nf6 9.Bd3 d6 10.Ne3 Qa5 11.O-O O-O 12.Rb1 Qxa2 13.f4 Qa5 14.Rb5 Qd8 15.Rg5 Ne8
16.h4 e6 17.h5 Ng7 18.Bc2 e5 19.Nd5 exf4 20.Bxf4 h6 21.Rg3 Qh4 22.hxg6 Ne5
23.Bxe5 dxe5 24.gxf7+ Rxf7 25.Rxf7 Kxf7 26.Qe1 {#r} 1-0

[Event "Ch Slovakia (team) 1993/94 (2 liga) (b)"]
[Site "masterchessopen.com Slovakia"]
[Round "13"]
[White "Drtina Milan (SVK)"]
[Black "Szegi Viktor (SVK)"]
[Result "1-0"]
[WhiteElo "2247"]
[BlackElo "2087"]

1.e4 c5 2.c4 Nc6 3.Ne2 g6 4.d4 cxd4 5.Nxd4 Bg7 6.Nc2 Nf6 7.Nc3 O-O 8.Be2 d6
9.O-O a6 10.Kh1 Qc7 11.f4 b6 12.Be3 Be6 13.Rc1 Na5 14.b3 b5 15.f5 Bd7 16.Nb4
Qb8 17.c5 Nc6 18.Nbd5 b4 19.Nxf6+ Bxf6 20.Nd5 Bb2 21.cxd6 Bxc1 22.dxe7 Bxe3
23.exf8=Q+ Kxf8 24.Nxe3 Ne5 25.fxg6 hxg6 26.Qd5 Bc6 27.Qc5+ Kg8 28.Nc4 Nxc4
29.Bxc4 Be8 30.e5 Qa7 31.Qd6 Kh7 32.e6 f5 33.Rf3 Bb5 34.Rh3+ Kg8 35.e7+ Bxc4
36.Qxg6# 1-0

[Event "Ch NRW"]
[Site "masterchessopen.com Wuppertal (Germany)"]
[Round "3"]
[White "Siebrecht Sebastian (GER)"]
[Black "Seepe Udo (GER)"]
[Result "1-0"]
[WhiteElo "2280"]
[BlackElo "2227"]

1.e4 c5 2.Nf3 Nc6 3.d4 cxd4 4.Nxd4 g6 5.c4 Bg7 6.Nc2 d6 7.Be2 Be6 8.O-O Rc8
9.Ne3 Nf6 10.Nd2 O-O 11.Rb1 Nd4 12.Bd3 a6 13.b3 Nd7 14.Re1 Nc5 15.Bf1 f5
16.exf5 Nxf5 17.Bb2 Nxe3 18.Rxe3 Bh6 19.Re1 Bf5 20.Ra1 e5 21.Nf3 Rf7 22.b4 Ne6
23.Qb3 g5 24.Rad1 Qf8 25.c5 e4 26.Nd4 Nxd4 27.Bxd4 {#r} 1-0

[Event "Ch Bayern"]
[Site "masterchessopen.com Bayern (Germany)"]
[Round "2"]
[White "Nurbekoglu Michael (GER)"]
[Black "Lang Zalan Andreas (GER)"]
[Result "1-0"]
[WhiteElo "2162"]
[BlackElo "2218"]

1.e4 c5 2.Nf3 Nc6 3.d4 cxd4 4.Nxd4 g6 5.c4 Bg7 6.Nc2 d6 7.Be2 Be6 8.O-O Rc8
9.Ne3 Nf6 10.Nc3 O-O 11.Ned5 Na5 12.Qa4 b6 13.Bg5 Nxd5 14.exd5 Bd7 15.Qb4 h6
16.Be3 e6 17.Rac1 exd5 18.Nxd5 Be6 19.Qd2 Bxd5 20.cxd5 Qh4 21.Ba6 Nc4 22.Qb4
b5 23.Bxc8 Rxc8 24.b3 a5 25.Qxb5 Be5 26.g3 {#r} 1-0

[Event "Ch Russia (club)"]
[Site "masterchessopen.com Briansk (Russia)"]
[Round "5"]
[White "Tarasov Igor (RUS)"]
[Black "Larski Stanislav (RUS)"]
[Result "1-0"]
[WhiteElo "2328"]
[BlackElo "2204"]

1.e4 c5 2.Nf3 Nc6 3.d4 cxd4 4.Nxd4 g6 5.c4 Bg7 6.Nc2 Nf6 7.Nc3 O-O 8.Be2 d6
9.O-O Be6 10.Ne3 Nd7 11.Ned5 Qa5 12.Be3 Rfc8 13.f4 Qd8 14.Rc1 Rab8 15.Qe1 Bd4
16.Bd3 Bxd5 17.cxd5 Qb6 18.Rf3 Bxe3+ 19.Rxe3 Nd4 20.Qf2 Nc5 21.Rf1 Qb4 22.Bb1
b5 23.Rh3 Na4 24.Nd1 Rc1 25.Bd3 Rbc8 26.f5 R8c2 27.Bxc2 Rxc2 28.Qh4 h5 29.fxg6
Qd2 30.gxf7+ Kf8 31.Qxe7+ {#r} 1-0

[Event "Bundesliga (2nd) South 1994/95"]
[Site "masterchessopen.com Germany"]
[Round "0"]
[White "Zuse Klaus-Peter (GER)"]
[Black "Bialas Wolfram (GER)"]
[Result "1-0"]
[WhiteElo "2335"]
[BlackElo "2330"]

1.e4 c5 2.Nf3 Nc6 3.d4 cxd4 4.Nxd4 g6 5.c4 Bg7 6.Nc2 d6 7.Be2 f5 8.exf5 Bxf5
9.O-O Nh6 10.Nc3 O-O 11.Qd2 Rc8 12.Ne3 Nd4 13.Bd3 Bxd3 14.Qxd3 Qd7 15.Bd2 Nf7
16.f4 Nh6 17.Rae1 Rf7 18.Ne4 Ne6 19.Qd5 Nc5 20.Ng5 e6 21.Qf3 Rff8 22.Qh3 Rce8
23.Rd1 Nd3 24.Ng4 Bd4+ 25.Be3 Nxg4 26.Bxd4 e5 27.Rxd3 exd4 28.Rxd4 h5 29.Qd3
Rf6 30.Ne4 Rfe6 31.Nc5 {#r} 1-0

[Event "It (b)"]
[Site "masterchessopen.com Lisbon (Portugal)"]
[Round "3"]
[White "Santos Marco (POR)"]
[Black "Amaral Nuno (POR)"]
[Result "1-0"]
[WhiteElo "2045"]
[BlackElo "2160"]

1.Nf3 g6 2.e4 c5 3.d4 Bg7 4.c4 cxd4 5.Nxd4 Nc6 6.Nc2 Nf6 7.Nc3 O-O 8.Be2 a6
9.O-O d6 10.Be3 Rb8 11.f3 Bd7 12.Qd2 Ne5 13.Na3 Re8 14.Rab1 Bc6 15.b4 b6 16.b5
axb5 17.cxb5 Ba8 18.Rfd1 Ned7 19.Nc4 Qc7 20.a4 Nc5 21.a5 bxa5 22.b6 Qc8 23.Nb5
Nfxe4 24.fxe4 Bxe4 25.Na7 Qe6 26.Rb5 Na4 27.Rc1 d5 28.Nxa5 Nxb6 29.Rc6 Nc4
30.Nxc4 Qxc6 31.Nxc6 Rxb5 32.N4e5 d4 33.Bxb5 {#r} 1-0

[Event "It (open)"]
[Site "masterchessopen.com Plzen (Czech Republic)"]
[Round "2"]
[White "Hlavnicka Jiri (CZE)"]
[Black "Foglar Stanislav (CZE)"]
[Result "1-0"]
[WhiteElo "2210"]
[BlackElo "2007"]

1.e4 c5 2.Ne2 Nc6 3.c4 g6 4.d4 cxd4 5.Nxd4 Bg7 6.Nc2 Nf6 7.Nc3 d6 8.Be2 a6
9.O-O O-O 10.f4 Qc7 11.Be3 e6 12.Rc1 b6 13.Qe1 Bb7 14.Qh4 Na5 15.f5 Nxc4
16.Bg5 Qc5+ 17.Kh1 Nxe4 18.Nxe4 Bxe4 19.f6 Qd5 20.Bxc4 Qxc4 21.Ne3 Bxg2+
22.Nxg2 Qxh4 23.Nxh4 Bh8 24.Rc6 Rfc8 25.Rxd6 Rc5 26.Be3 Rc4 27.Nf3 Bxf6 28.Nd2
Rc2 29.Rxf6 Rxb2 30.Rd7 Rc8 31.Bh6 Rxa2 32.Rfxf7 Rc1+ 33.Kg2 Rxd2+ 34.Bxd2 Rc2
35.Rg7+ Kf8 36.Rxh7 Kg8 37.Rhg7+ Kf8 38.Rxg6 b5 39.Kf3 {#r} 1-0

[Event "Ch Slovakia (team) 1995/96 (2 liga) (b)"]
[Site "masterchessopen.com Slovakia"]
[Round "4"]
[White "Drtina Milan (SVK)"]
[Black "Kebis Milos (SVK)"]
[Result "1-0"]
[WhiteElo "2245"]
[BlackElo "2008"]

1.e4 c5 2.c4 Nc6 3.Ne2 g6 4.d4 cxd4 5.Nxd4 Bg7 6.Nc2 Nf6 7.Nc3 O-O 8.Be2 d6
9.O-O Bd7 10.Kh1 Rc8 11.Rb1 a6 12.h3 Ne5 13.b3 Bc6 14.f4 Ned7 15.Bf3 Nc5
16.Re1 Ne8 17.Nd4 Bd7 18.e5 Rb8 19.a4 dxe5 20.fxe5 Nc7 21.a5 Qc8 22.Ba3 N7e6
23.Nd5 Re8 24.Nb6 Qc7 25.b4 Rbd8 26.Nd5 Qc8 27.bxc5 Nxd4 28.Qxd4 Bxh3 29.Qh4
Bf5 30.Rbd1 Bf8 31.c6 bxc6 32.Nxe7+ {#r} 1-0

[Event "It (open)"]
[Site "masterchessopen.com Villa Martelli (Argentina)"]
[Round "8"]
[White "Rodriguez Andres (URU)"]
[Black "Garbarino Rodolfo (ARG)"]
[Result "1-0"]
[WhiteElo "2490"]
[BlackElo "2425"]

1.e4 c5 2.Nf3 Nc6 3.d4 cxd4 4.Nxd4 g6 5.c4 Bg7 6.Nc2 d6 7.Be2 f5 8.exf5 Bxf5
9.O-O Nh6 10.Nc3 O-O 11.Bg5 Nf7 12.Be3 Rc8 13.Na3 Qa5 14.Rc1 Qb4 15.Qd2 Nfe5
16.h3 Be6 17.f4 Nxc4 18.Nxc4 Bxc4 19.a3 Qb3 20.Bd1 Bxc3 21.Bxb3 {#r} 1-0

[Event "Ch Lithuania"]
[Site "masterchessopen.com Vilnius (Lithuania)"]
[Round "4"]
[White "Labuckas Aidas (LTU)"]
[Black "Smirnovas Jevgenijus (LTU)"]
[Result "1-0"]
[WhiteElo "2345"]
[BlackElo "1933"]

1.e4 c5 2.Nf3 g6 3.d4 cxd4 4.Nxd4 Bg7 5.c4 Nc6 6.Nc2 Nf6 7.Nc3 b6 8.Be2 Bb7
9.O-O Rc8 10.f3 d6 11.Be3 O-O 12.Qd2 Re8 13.Rab1 Qd7 14.Rfd1 Red8 15.a4 Ba8
16.b3 Nh5 17.Nd5 Nf6 18.Na3 Ne5 19.a5 Bxd5 20.cxd5 Qb7 21.Qb4 Ned7 22.Nc4 Rb8
23.axb6 axb6 24.Na3 Nc5 25.Nb5 Nfd7 26.Nd4 Ra8 27.Rd2 Re8 28.Bb5 Bf6 29.Bc6
Qb8 30.Bxa8 Qxa8 31.Qb5 Qa3 32.Bf2 Ra8 33.b4 {#r} 1-0

[Event "It (open)"]
[Site "masterchessopen.com Heinola (Finland)"]
[Round "1"]
[White "Maki-Uuro Miikka (FIN)"]
[Black "Sinervuo Veli-Pekka (FIN)"]
[Result "1-0"]
[WhiteElo "2280"]
[BlackElo "1988"]

1.e4 c5 2.c4 Nc6 3.Nf3 g6 4.d4 cxd4 5.Nxd4 Bg7 6.Nc2 Nf6 7.Nc3 O-O 8.Be2 b6
9.O-O Ba6 10.Rb1 Ne8 11.Qd2 Nd6 12.b3 f5 13.exf5 Nxf5 14.Bf3 Nh4 15.Be4 Rc8
16.Ba3 Ne5 17.Nb4 Rf3 18.Nxa6 Rxc3 19.Bb2 R8xc4 20.bxc4 {#r} 1-0

[Event "Ch Pfalz (open)"]
[Site "masterchessopen.com Landau (Germany)"]
[Round "0"]
[White "Ritter Ralph (GER)"]
[Black "Mueller Michael (GER)"]
[Result "1-0"]
[WhiteElo "2067"]
[BlackElo "2325"]

1.e4 c5 2.Nf3 Nc6 3.d4 cxd4 4.Nxd4 g6 5.c4 Bg7 6.Nc2 Nf6 7.Nc3 d6 8.Be2 O-O
9.O-O a6 10.Kh1 Bd7 11.Rb1 Qc7 12.f3 Na5 13.Ne3 Be6 14.Ned5 Nxd5 15.Nxd5 Bxd5
16.cxd5 b5 17.Qd3 Rfc8 18.Bd2 Nc4 19.Rfc1 Qb7 20.Bc3 Bh6 21.Qd4 f6 22.Rf1 Ne3
23.Rf2 Nc2 24.Qd3 b4 25.Bd2 Bxd2 26.Qxd2 b3 27.axb3 Qxb3 28.Bd1 {#r} 1-0

[Event "Cup Russia (open)"]
[Site "masterchessopen.com Moscow (Russia)"]
[Round "4"]
[White "Melekhin Mikhael (RUS)"]
[Black "Shigarev Alexander (RUS)"]
[Result "1-0"]
[WhiteElo "1913"]
[BlackElo "2025"]

1.e4 c5 2.Nf3 Nc6 3.d4 cxd4 4.Nxd4 g6 5.c4 Bg7 6.Nc2 Qb6 7.Nc3 Bxc3+ 8.bxc3
Nf6 9.f3 d6 10.Be3 Qa5 11.Qd2 Nd7 12.Be2 Nb6 13.Nd4 Ne5 14.Nb3 Qa3 15.c5 Be6
16.cxb6 Bxb3 17.Bb5+ Nc6 18.O-O Be6 19.bxa7 O-O 20.Bxc6 bxc6 21.Bb6 Bc4
22.Rfb1 Bb5 23.Qe3 Qa6 24.a4 Bd3 25.Rb2 f6 26.a5 Kg7 27.Rd1 Bc4 28.f4 Rf7
29.g4 c5 30.Rg2 h6 31.h4 Qb7 32.Kf2 Qc6 33.Rdg1 Ba6 34.e5 g5 {#r} 1-0

[Event "Cup Russia (open)"]
[Site "masterchessopen.com Omsk (Russia)"]
[Round "2"]
[White "Kotsur Pavel (KAZ)"]
[Black "Egorov Evgeni (KAZ)"]
[Result "1-0"]
[WhiteElo "2505"]
[BlackElo "2385"]

1.e4 c5 2.Nf3 Nc6 3.d4 cxd4 4.Nxd4 g6 5.c4 Bg7 6.Nc2 Nf6 7.Nc3 d6 8.Be2 Nd7
9.Bd2 Nc5 10.O-O O-O 11.f3 f5 12.exf5 Bxf5 13.Kh1 Rc8 14.Ne3 Nd4 15.Nxf5 gxf5
16.Re1 f4 17.b4 Nd7 18.Nd5 Nb6 19.Nxf4 Rxf4 20.Bxf4 Nxe2 21.Qxe2 Bxa1 22.Qe6+
Kh8 23.Rxa1 Rxc4 24.Bg5 Rc7 25.Re1 Qg8 26.Qf5 Qg7 27.h4 h6 28.Rxe7 Rxe7 29.Bf6
d5 30.Qg6 Kg8 31.Bxg7 Rxg7 32.Qxh6 d4 33.Qe6+ Kh8 {#r} 1-0

[Event "Ch Bulgaria"]
[Site "masterchessopen.com Sofia (Bulgaria)"]
[Round "4"]
[White "Drenchev Petar (BUL)"]
[Black "Dovramadjiev Tihomir (BUL)"]
[Result "1-0"]
[WhiteElo "2310"]
[BlackElo "2280"]

1.e4 c5 2.Nf3 Nc6 3.d4 cxd4 4.Nxd4 g6 5.c4 Bg7 6.Nc2 Nf6 7.Nc3 d6 8.Be2 Nd7
9.O-O Nc5 10.Bd2 O-O 11.f3 a5 12.Kh1 f5 13.exf5 Bxf5 14.Ne3 Nd4 15.Nxf5 Nxf5
16.Rb1 e6 17.Nb5 Qe7 18.b3 b6 19.a3 a4 {#r} 1-0

[Event "Olympiad (w)"]
[Site "masterchessopen.com Yerevan (Armenia)"]
[Round "12"]
[White "Arakhamia-Grant Ketevan (SCO)"]
[Black "Tsifanskaya Ludmila A (ISR)"]
[Result "1-0"]
[WhiteElo "2455"]
[BlackElo "2230"]

1.e4 c5 2.Nf3 Nc6 3.d4 cxd4 4.Nxd4 g6 5.c4 Bg7 6.Nc2 d6 7.Be2 Nh6 8.Nc3 f5
9.Bd2 fxe4 10.Nxe4 O-O 11.O-O Nf5 12.Bc3 e5 13.Qd5+ Kh8 14.Rad1 Nfd4 15.Nxd4
exd4 16.Bd2 Ne5 17.Nxd6 Qe7 18.Nxc8 Raxc8 19.Rde1 Qf7 20.Qxf7 Rxf7 21.b3 d3
22.Bd1 Rcf8 23.f4 Nc6 24.Bf3 Nd4 25.Bd5 Ne2+ 26.Kh1 Rf5 27.Be4 Rh5 28.Rf3 Bc3
29.Rxe2 dxe2 30.Bxc3+ Kg8 31.g4 Re8 32.gxh5 Rxe4 33.Be1 {#r} 1-0

[Event "It (open)"]
[Site "masterchessopen.com Antwerpen (Belgium)"]
[Round "2"]
[White "Nijboer Friso (NED)"]
[Black "Paavilainen Jorma (FIN)"]
[Result "1-0"]
[WhiteElo "2605"]
[BlackElo "2315"]

1.e4 c5 2.Nf3 Nc6 3.d4 cxd4 4.Nxd4 g6 5.c4 Bg7 6.Nc2 d6 7.Be2 Nf6 8.Nc3 O-O
9.O-O Nd7 10.Bd2 a5 11.Qc1 Nc5 12.Bh6 a4 13.Bxg7 Kxg7 14.Qd2 Be6 15.f4 f5
16.exf5 gxf5 17.Ne3 Qa5 18.Rad1 Nd7 19.Kh1 Nf6 20.Bd3 Nb4 21.Bb1 Rf7 22.Rf3
Kh8 23.Rg3 Bd7 24.Rg5 h6 25.Rg3 Qc5 26.Qe1 Raf8 27.a3 Na6 28.Bc2 Qa5 29.Rh3
Rh7 30.Bxa4 Bxa4 31.b4 Qc7 32.Nxa4 Ne4 33.Nc3 Nxc3 34.Qxc3+ e5 35.Rh5 {#r} 1-0

[Event "It (open)"]
[Site "masterchessopen.com Ostrava (Czech Republic)"]
[Round "0"]
[White "Dluski Emil (POL)"]
[Black "Klima Lukas (CZE)"]
[Result "0-1"]
[WhiteElo "1902"]
[BlackElo "2270"]

1.e4 c5 2.Ne2 Nc6 3.c4 g6 4.d4 cxd4 5.Nxd4 Bg7 6.Nc2 Nf6 7.Nc3 d6 8.Be2 O-O
9.O-O a6 10.h3 b6 11.Be3 Bb7 12.Rc1 Rc8 13.f3 e6 14.Na4 b5 15.cxb5 axb5 16.Bb6
Qe7 17.Bxb5 Ne5 18.Na3 Rxc1 19.Qxc1 Rc8 20.Qd2 d5 21.Bd4 Nc6 22.Bc5 Qc7
23.exd5 Nxd5 24.b4 Rd8 25.Qe1 Qf4 26.g3 Qf5 27.Kg2 Nd4 28.Bc4 Nc2 29.Qc1 Nxa3
30.Bxd5 Rxd5 31.Qxa3 Rd3 32.Qc1 Rxf3 {#R} 0-1

[Event "It (open)"]
[Site "masterchessopen.com Swidnica (Poland)"]
[Round "8"]
[White "Ovetchkin Roman (RUS)"]
[Black "Pigusov Evgeny (RUS)"]
[Result "0-1"]
[WhiteElo "2485"]
[BlackElo "2560"]

1.e4 c5 2.Nf3 Nc6 3.d4 cxd4 4.Nxd4 g6 5.c4 Bg7 6.Nc2 d6 7.Be2 Nf6 8.Nc3 Nd7
9.Bd2 a5 10.O-O O-O 11.b3 Nc5 12.Rb1 f5 13.exf5 Bxf5 14.Rc1 Nb4 15.Ne3 Bd7
16.a3 Nbd3 17.Bxd3 Nxd3 18.Rb1 Bc6 19.b4 axb4 20.axb4 e6 21.b5 Be8 22.Qc2 Nf4
23.g3 g5 24.gxf4 gxf4 25.Ng2 Bg6 26.Qb3 f3 27.Nf4 Qh4 28.Kh1 Be5 29.Rbe1 Rxf4
30.c5 Qh3 {#R} 0-1

[Event "Ch Europe (juniors) (under 12)"]
[Site "masterchessopen.com Tallinn (Estonia)"]
[Round "9"]
[White "Zarezenko Ilya (RUS)"]
[Black "Mamedov Nidjat (AZE)"]
[Result "1-0"]
[WhiteElo "2150"]
[BlackElo "2295"]

1.e4 c5 2.Nf3 Nc6 3.d4 cxd4 4.Nxd4 g6 5.c4 Bg7 6.Nc2 d6 7.Be2 Nf6 8.Nc3 O-O
9.O-O Nd7 10.Bd2 Nc5 11.f3 b6 12.Rb1 Bb7 13.b4 Ne6 14.Nd5 Ncd4 15.Nce3 Qd7
16.Bd3 Bc6 17.f4 Nc7 {#r} 1-0

[Event "Ch Belgium (juniors) (under 20)"]
[Site "masterchessopen.com Vielsalm (Belgium)"]
[Round "0"]
[White "Gulbas Cemil (BEL)"]
[Black "Praet Maarten (BEL)"]
[Result "1-0"]
[WhiteElo "2190"]
[BlackElo "2200"]

1.e4 c5 2.Nf3 g6 3.d4 cxd4 4.Nxd4 Bg7 5.c4 Nc6 6.Nc2 Nf6 7.Nc3 d6 8.Be2 Be6
9.O-O Rc8 10.Be3 a6 11.Rc1 O-O 12.b3 Ng4 13.Bd2 f5 14.h3 Nf6 15.exf5 gxf5
16.Bf3 Bd7 17.Bg5 Qa5 18.Ne3 Ne4 19.Bxe4 fxe4 20.Qd5+ Qxd5 21.Nexd5 Rce8
22.Nxe4 Bf5 23.Ng3 e6 24.Nc7 Rc8 25.Nxf5 Rxf5 26.Nxe6 Kf7 27.g4 Ra5 28.Nxg7
Kxg7 29.Be3 Rxa2 30.Ra1 Rb2 31.Rab1 Rxb1 32.Rxb1 Kf6 33.Rd1 Re8 34.Rd5 Ke6
35.f4 {#r} 1-0

[Event "It (w) (b)"]
[Site "masterchessopen.com Bucharest (Romania)"]
[Round "0"]
[White "Kalinina Vladislava (UKR)"]
[Black "Szabo Virag (HUN)"]
[Result "1-0"]
[WhiteElo "2165"]
[BlackElo "2047"]

1.e4 c5 2.Nf3 Nc6 3.d4 cxd4 4.Nxd4 g6 5.c4 Bg7 6.Nc2 Nf6 7.Nc3 O-O 8.Be2 d6
9.O-O Nd7 10.Bd2 a5 11.f3 Nc5 12.Kh1 f5 13.exf5 Bxf5 14.Be3 Kh8 15.Nd4 Bd7
16.Nxc6 Bxc6 17.Bd4 e5 18.Be3 Ne6 19.Bd3 Nf4 20.Be4 Qf6 21.Bxc6 bxc6 22.Ne4
Qe6 23.Qxd6 Qxc4 24.Rfc1 Qb5 25.Rab1 Nxg2 26.Nc3 Qa6 27.Kxg2 e4 28.Bd4 exf3+
29.Kf2 Rae8 30.Re1 Kg8 31.Bxg7 Qc4 32.Qd4 {#r} 1-0

[Event "It (cat.8)"]
[Site "masterchessopen.com Budapest (Hungary)"]
[Round "3"]
[White "Hoffmann Michael (GER)"]
[Black "Kreiman Boris (USA)"]
[Result "0-1"]
[WhiteElo "2440"]
[BlackElo "2455"]

1.Nf3 c5 2.c4 g6 3.d4 cxd4 4.Nxd4 Bg7 5.e4 Nc6 6.Nc2 Qb6 7.Nc3 Bxc3+ 8.bxc3
Nf6 9.f3 d6 10.Be2 Be6 11.Bh6 Qa5 12.O-O Nd7 13.Rb1 Nc5 14.Qd2 Ne5 15.f4 Nc6
16.e5 O-O-O 17.exd6 Ne4 18.Qe3 Nxd6 19.Nd4 Bd7 20.Bg7 Rhe8 21.Be5 f6 22.Bxd6
exd6 23.Qf2 Qxa2 24.Bf3 Qxf2+ 25.Rxf2 Na5 26.Ra2 b6 27.Nb3 Bf5 28.Rbb2 Nxb3
29.Rxa7 Nc5 30.Rxb6 Be4 31.Bxe4 Rxe4 32.Rc6+ Kb8 33.Rxh7 Rxf4 34.Rb6+ Ka8 {#R}
0-1

[Event "Tournament"]
[Site "masterchessopen.com Guines (Cuba)"]
[Round "0"]
[White "Pujols Carlos (CUB)"]
[Black "Castro Yamile (CUB)"]
[Result "1-0"]
[WhiteElo "2313"]
[BlackElo "2108"]

1.e4 c5 2.Nf3 Nc6 3.d4 cxd4 4.Nxd4 g6 5.c4 Bg7 6.Nc2 Nf6 7.Nc3 O-O 8.Be2 b6
9.O-O Bb7 10.Bg5 Rc8 11.f3 d6 12.Qd2 Ne5 13.Na3 Re8 14.Rac1 Ned7 15.Nd5 Ba6
16.Nb5 Bxb5 17.cxb5 Nxd5 18.exd5 Nf6 19.Rc6 Qd7 20.Rfc1 Rxc6 21.bxc6 Qc7 22.b4
e6 23.dxe6 fxe6 24.b5 d5 25.Bf4 e5 26.Bg5 d4 27.Bc4+ Kh8 28.Re1 Qd6 29.Qd3 Qc5
30.Bd2 Bf8 31.a3 Nd5 32.Re4 Nc3 33.Rh4 e4 34.fxe4 Rxe4 35.Rxe4 Nxe4 36.Bb4 Qf5
37.Qxd4+ Nf6 38.Bxf8 {#r} 1-0

[Event "Ch Havana (1/2 final)"]
[Site "masterchessopen.com Habana (Cuba)"]
[Round "0"]
[White "Ramas Ricardo (CUB)"]
[Black "Mederos Dennis (CUB)"]
[Result "0-1"]
[WhiteElo "2090"]
[BlackElo "2155"]

1.e4 c5 2.Nf3 Nc6 3.d4 cxd4 4.Nxd4 g6 5.c4 Bg7 6.Nc2 Nf6 7.Nc3 d6 8.Be2 Nd7
9.Be3 O-O 10.Qd2 Nc5 11.g4 a5 12.Bh6 Nb4 13.Bxg7 Nxc2+ 14.Qxc2 Kxg7 15.h4 e5
16.Qd2 Ne6 17.Nd5 a4 18.Rc1 Nd4 19.g5 Rh8 20.Nf6 h5 21.Rc3 Be6 22.Bxh5 gxh5
23.Nxh5+ Kg6 24.Nf6 Rf8 25.h5+ Kg7 26.h6+ Kh8 27.Rd3 Qb6 28.f4 {#R} 0-1

[Event "Ch World (juniors) (under 14) (g)"]
[Site "masterchessopen.com Marina d'Or (Spain)"]
[Round "8"]
[White "Nejanky Maisa (ARG)"]
[Black "Grau Carreras Monica (ESP)"]
[Result "0-1"]
[WhiteElo "2069"]
[BlackElo "2103"]

1.e4 c5 2.Nf3 Nc6 3.d4 cxd4 4.Nxd4 g6 5.c4 Bg7 6.Nc2 Nf6 7.Nc3 b6 8.f4 O-O
9.Bd3 Bb7 10.O-O d6 11.Be3 Rc8 12.Qe2 Qd7 13.Rad1 Ng4 14.Bc1 Nf6 15.Rf3 Rfd8
16.Rh3 Qe8 17.Rf1 e6 18.Nd1 Nd7 19.b4 f5 20.exf5 exf5 21.Qf2 Qf7 22.Bb2 Bxb2
23.Nxb2 Nf6 24.c5 bxc5 25.bxc5 d5 26.Nd4 Ng4 27.Qc2 Nxd4 28.Qa4 Qg7 29.Qxa7
Nc6 30.Qa3 Qd4+ {#R} 0-1

[Event "It (open)"]
[Site "masterchessopen.com Passau (Germany)"]
[Round "3"]
[White "Appl Gerhard (AUT)"]
[Black "Eisfeld Klaus (GER)"]
[Result "1-0"]
[WhiteElo "2083"]
[BlackElo "2028"]

1.c4 c5 2.Nf3 g6 3.d4 cxd4 4.Nxd4 Bg7 5.e4 Nc6 6.Nc2 Nf6 7.Nc3 O-O 8.Be2 d6
9.O-O Be6 10.Ne3 a6 11.Ned5 Bxd5 12.exd5 Ne5 13.f4 Ned7 14.Be3 Rc8 15.Rc1 Nc5
16.Bf3 h5 17.b4 Ncd7 18.Qd3 Ng4 19.Bxg4 hxg4 20.Ne4 a5 21.a3 axb4 22.axb4 Ra8
23.Bd4 Bxd4+ 24.Qxd4 f5 25.Ng5 Qb6 26.c5 dxc5 27.bxc5 Qf6 28.Qf2 Rfc8 29.Rfe1
Ra5 30.Re6 Qg7 31.c6 Rxd5 32.Rce1 bxc6 33.Rxe7 Qd4 34.Re8+ {#r} 1-0

[Event "Memorial Balazs (open)"]
[Site "masterchessopen.com Salgotarjan (Hungary)"]
[Round "8"]
[White "Szurovszky Elek (HUN)"]
[Black "Torotto Anton (SVK)"]
[Result "1-0"]
[WhiteElo "2124"]
[BlackElo "2068"]

1.e4 c5 2.Nf3 Nc6 3.d4 cxd4 4.Nxd4 g6 5.c4 Bg7 6.Nc2 Nf6 7.Nc3 O-O 8.Be2 d6
9.Be3 Be6 10.O-O Ne5 11.b3 a6 12.f4 Nc6 13.Nd4 Qc8 14.Rc1 Ng4 15.Bxg4 Bxg4
16.Qd2 Nxd4 17.Bxd4 Bxd4+ 18.Qxd4 Be6 19.f5 Bd7 20.Nd5 Qd8 21.f6 e5 22.Qe3 Kh8
23.Ne7 Bc6 24.Qh6 Rg8 25.Rf3 Bxe4 26.Qxh7+ {#r} 1-0